Normal view
MARC view
- قلعجي، قدري
Entry Personal Name
001 - CONTROL NUMBER
- control field: 52857
003 - CONTROL NUMBER IDENTIFIER
- control field: JO-AjAnu
005 - DATE AND TIME OF LATEST TRANSACTION
- control field: 20230606082703.0
008 - FIXED-LENGTH DATA ELEMENTS
- fixed length control field: 230606|| aca||aabn | a|a d
040 ## - CATALOGING SOURCE
- Original cataloging agency: JO-AjAnu
- Transcribing agency: JO-AjAnu
100 ## - HEADING--PERSONAL NAME
- Personal name: قلعجي، قدري
670 ## - SOURCE DATA FOUND
- Source citation: Work cat.: (JO-AjAnu)27007: قلعجي، قدري, author, الثورة العربية الكبرى 1916-1925: جيل الفداء يوما بيوم مع كامل الأسماء والوثائق والأدوار